<?xml version="1.0" encoding="UTF-8"?>
<collection xmlns="http://www.loc.gov/MARC21/slim">
<record>
  <controlfield tag="001">164889</controlfield>
  <controlfield tag="005">20251203145555.0</controlfield>
  <datafield tag="037" ind1=" " ind2=" ">
    <subfield code="a">TAZ-TFG-2025-2542</subfield>
  </datafield>
  <datafield tag="041" ind1=" " ind2=" ">
    <subfield code="a">spa</subfield>
  </datafield>
  <datafield tag="100" ind1="1" ind2=" ">
    <subfield code="a">Salmerón Latas, Yeray</subfield>
  </datafield>
  <datafield tag="242" ind1="0" ind2="0">
    <subfield code="a">From personal experience to social etrepeneurship: designing a mental health care association based on the principles of social economy</subfield>
  </datafield>
  <datafield tag="245" ind1="0" ind2="0">
    <subfield code="a">De la experiencia personal al emprendimiento social: diseño de una asociación para el cuidado de de la salud mental basada en los principios de la economía social</subfield>
  </datafield>
  <datafield tag="260" ind1=" " ind2=" ">
    <subfield code="a">Zaragoza</subfield>
    <subfield code="b">Universidad de Zaragoza</subfield>
    <subfield code="c">2025</subfield>
  </datafield>
  <datafield tag="506" ind1=" " ind2=" ">
    <subfield code="a">by-nc-sa</subfield>
    <subfield code="b">Creative Commons</subfield>
    <subfield code="c">3.0</subfield>
    <subfield code="u">http://creativecommons.org/licenses/by-nc-sa/3.0/</subfield>
  </datafield>
  <datafield tag="520" ind1=" " ind2=" ">
    <subfield code="a">Este trabajo fin de grado presenta un proyecto que surge del interés en el concepto japonés"Ikigai" y busca crear la Asociación de Apoyo Integral a Personas con Enfermedades de Salud Mental (AIPESM) en Huesca, para promover el bienestar emocional y el crecimiento personal. Sus objetivos principales son definir su misión, estructura y evaluar la viabilidad económico social mediante planes de negocio y escenarios financieros. Se desarrolló un plan de negocio basado en análisis técnico, económico y social, complementado con opiniones de profesionales en salud mental y asociaciones similares. La estrategia integra principios de economía social y define objetivos SMART, centrándose en sostenibilidad y escalabilidad. Se proyecta en el primer año 5,000 descargas de la app y 10,000 en tres años, con usuarios enfocados en metas personales y apoyo mutuo. El centro físico en Huesca facilitará actividades con al menos 30 usuarios semanales, y colaboraciones con al menos 10 instituciones. Se identificaron recursos, fuentes de financiación y diferentes escenarios para reducir riesgos. El proyecto combina innovación tecnológica y acción social, demostrando su viabilidad y potencial de impacto positivo en la sociedad, promoviendo cultura de responsabilidad, inclusión y bienestar emocional.&lt;br /></subfield>
  </datafield>
  <datafield tag="521" ind1=" " ind2=" ">
    <subfield code="a">Graduado en Administración y Dirección de Empresas</subfield>
  </datafield>
  <datafield tag="540" ind1=" " ind2=" ">
    <subfield code="a">Derechos regulados por licencia Creative Commons</subfield>
  </datafield>
  <datafield tag="856" ind1="0" ind2=" ">
    <subfield code="f">819937@unizar.es</subfield>
  </datafield>
  <datafield tag="856" ind1="4" ind2=" ">
    <subfield code="s">1220400</subfield>
    <subfield code="u">http://zaguan.unizar.es/record/164889/files/TAZ-TFG-2025-2542.pdf</subfield>
    <subfield code="y">Memoria (spa)</subfield>
  </datafield>
  <datafield tag="909" ind1="C" ind2="O">
    <subfield code="o">oai:zaguan.unizar.es:164889</subfield>
    <subfield code="p">driver</subfield>
    <subfield code="p">trabajos-fin-grado</subfield>
  </datafield>
  <datafield tag="950" ind1=" " ind2=" ">
    <subfield code="a"></subfield>
  </datafield>
  <datafield tag="691" ind1=" " ind2=" ">
    <subfield code="a">3 8</subfield>
  </datafield>
  <datafield tag="692" ind1=" " ind2=" ">
    <subfield code="a">Es un proyecto que busca apoyar a la salud mental mediante una aplicación móvil, un centro físico y un objetivo social que se encuadra en el marco de la economía social.</subfield>
  </datafield>
  <datafield tag="700" ind1=" " ind2=" ">
    <subfield code="a">Pessoa de Oliveira, Ana Katarina</subfield>
    <subfield code="e">dir.</subfield>
  </datafield>
  <datafield tag="710" ind1="2" ind2=" ">
    <subfield code="a">Universidad de Zaragoza</subfield>
    <subfield code="b">Dirección y Organización de Empresas</subfield>
    <subfield code="c">Organización de Empresas</subfield>
  </datafield>
  <datafield tag="980" ind1=" " ind2=" ">
    <subfield code="a">TAZ</subfield>
    <subfield code="b">TFG</subfield>
    <subfield code="c">FEGP</subfield>
  </datafield>
  <datafield tag="999" ind1=" " ind2=" ">
    <subfield code="a">20250611195944.CREATION_DATE</subfield>
  </datafield>
  <datafield tag="951" ind1=" " ind2=" ">
    <subfield code="a">deposita:2025-12-03</subfield>
  </datafield>
</record>
</collection>